[Event "Mittelfranken Mitte-ch 0910"]
[Site "Zirndorf"]
[Date "2010.01.03"]
[Round "2"]
[White "Siegl, Pascal"]
[Black "Pusze, Georg"]
[Result "1-0"]
[WhiteElo "1595"]
[BlackElo "1387"]
[PlyCount "99"]
[EventDate "2010.01.03"]
[EventType "swiss"]
[EventRounds "7"]
[EventCountry "GER"]
[SourceTitle "EXT 2015"]
[Source "ChessBase"]
[SourceDate "2014.11.20"]
[SourceVersion "1"]
[SourceVersionDate "2014.11.20"]
[SourceQuality "1"]

1. e4 c6 2. d4 d5 3. e5 Bf5 4. g4 Bg6 5. h4 h6 6. h5 Bh7 7. Bd3 Bxd3 8. Qxd3 e6 9. f4 Bb4+ 10. Bd2 Bxd2+ 11. Nxd2 Ne7 12. Ngf3 Nd7 13. Nh4 Qa5 14. Qb3 b5 15. Rf1 0-0-0 16. Rf3 Nb6 17. 0-0-0 Kb8 18. f5 Nec8 19. Rdf1 Rd7 20. fxe6 fxe6 21. Ng6 Rhd8 22. a3 Qa4 23. Qc3 Kb7 24. Nb3 Kc7 25. Nc5 Qc4 26. Qxc4 dxc4 27. Nxd7 Rxd7 28. Nf8 Re7 29. Rf7 Kd8 30. Rxg7 Nd5 31. Rg6 Nc7 32. Rxh6 Nb6 33. Rh8 Re8 34. Ng6 Rxh8 35. Nxh8 Nbd5 36. Nf7+ Ke7 37. Nd6 Ne3 38. Rg1 Kf8 39. g5 Kg7 40. c3 a5 41. Kd2 Ned5 42. Nb7 a4 43. Nd8 Nf4 44. Rh1 Nd3 45. Kc2 c5 46. dxc5 Nxc5 47. Nc6 Ne4 48. Rg1 Nd5 49. Nd4 Nf4 50. Rg4 1-0

[Event "Mittelfranken Mitte-ch 0809"]
[Site "Zirndorf"]
[Date "2009.01.10"]
[Round "4"]
[White "Pusze, Georg"]
[Black "Weissmann, Peter"]
[Result "1-0"]
[WhiteElo "1396"]
[BlackElo "1701"]
[PlyCount "49"]
[EventDate "2009.01.06"]
[EventType "swiss"]
[EventRounds "7"]
[EventCountry "GER"]
[SourceTitle "EXT 2015"]
[Source "ChessBase"]
[SourceDate "2014.11.20"]
[SourceVersion "1"]
[SourceVersionDate "2014.11.20"]
[SourceQuality "1"]

1. d4 Nf6 2. Nf3 b6 3. c4 e6 4. g3 Bb7 5. Bg2 d5 6. Nbd2 Nbd7 7. a3 c5 8. e3 Rc8 9. b3 dxc4 10. bxc4 Be7 11. Bb2 0-0 12. 0-0 Ne4 13. Qe2 Bf6 14. Rfd1 Qe7 15. Rac1 Rfd8 16. a4 cxd4 17. Bxd4 Qb4 18. Bxf6 Ndxf6 19. Nd4 Ba8 20. Nxe4 Nxe4 21. Qc2 Nc5 22. Bxa8 Rxa8 23. Nc6 Rxd1+ 24. Rxd1 g6 25. Nxb4 1-0